| 000 | 01148nam a2200277 a 4500 | ||
|---|---|---|---|
| 001 | BRCA_4193 | ||
| 005 | 20190320204559.0 | ||
| 008 | 140510s2007----mx-a######---#000-0#spa-# | ||
| 020 | _a9789685343756 | ||
| 041 | _aspaeng | ||
| 044 | _amx | ||
| 050 | 4 |
_aNA5257.M4 _b.H55 2007 |
|
| 245 | 1 | 0 |
_aHilos del cielo _blas vestiduras litúrgicas de la Catedral Metropolitana de México _ctexto Virginia Armella de Aspe ; fotografía Francisco Kochen ; traducción Elizabeth Collins. |
| 260 |
_aMéxico _bINAH : Lindero Ediciones _c2007 |
||
| 300 |
_a183 p. _bil. a color _c33 cm. |
||
| 500 | _aIncluye glosario e identificación de imágenes | ||
| 500 | _aLibro presentado en el Museo Franz Mayer el 27 de noviembre de 2007, realizado por iniciativa del embajador de Estados Unidos en México durante ese año, Antonio O. Garza | ||
| 504 | _aBibliografía: p. [124] | ||
| 546 | _aTexto en español e inglés | ||
| 610 | 2 | 4 |
_aCatedral Metropolitana de México _xHistoria _910815 |
| 650 | 1 | 4 |
_aBordado _94753 |
| 700 | 1 |
_aArmella de Aspe, Virginia _92324 |
|
| 700 | 1 |
_aKochen, Francisco _93545 |
|
| 700 | 1 |
_aCollins, Elizabeth _910816 |
|
| 942 |
_2lcc _cB |
||
| 999 |
_c3909 _d3909 |
||